উদ্ভিদ বিজ্ঞান ১ম খন্ড / (Record no. 4304)
[ view plain ]
| 000 -LEADER | |
|---|---|
| fixed length control field | 01048nam a22002417a 4500 |
| 001 - CONTROL NUMBER | |
| control field | BD-DhSAU 4304 |
| 003 - CONTROL NUMBER IDENTIFIER | |
| control field | BD-DhSAU |
| 005 - DATE AND TIME OF LATEST TRANSACTION | |
| control field | 20150216122013.0 |
| 008 - FIXED-LENGTH DATA ELEMENTS--GENERAL INFORMATION | |
| fixed length control field | 150129b1987 bg a||||r|||| 000 0 ben d |
| 040 ## - CATALOGING SOURCE | |
| Original cataloging agency | BD-DhSAU |
| 082 ## - DEWEY DECIMAL CLASSIFICATION NUMBER | |
| Edition number | 22 |
| Classification number | ৫৮১ |
| Item number | মিত্রউ |
| 100 ## - MAIN ENTRY--PERSONAL NAME | |
| Personal name | মিত্র, দেবব্রত |
| 245 ## - TITLE STATEMENT | |
| Title | উদ্ভিদ বিজ্ঞান ১ম খন্ড / |
| Statement of responsibility, etc. | দ্রেবত্রত মিত্র, জীবেশ গুহ, সলিল কুমার চৌধুরী এবং নরেন দত্ত |
| 250 ## - EDITION STATEMENT | |
| Edition statement | ৩য় সংস্করণ । |
| 260 ## - PUBLICATION, DISTRIBUTION, ETC. (IMPRINT) | |
| Place of publication, distribution, etc. | ঢাকা : |
| Name of publisher, distributor, etc. | মৌলিক লাইব্রেরী , |
| Date of publication, distribution, etc. | ১৯৮৭. |
| 300 ## - PHYSICAL DESCRIPTION | |
| Extent | xxvii, ১০৮১ পৃ. : |
| Other physical details | চিত্র ; |
| Dimensions | ২১ সেমি। |
| 590 ## - Name of Cataloguer | |
| Name of Cataloger | erfat |
| 650 ## - SUBJECT ADDED ENTRY--TOPICAL TERM | |
| Topical term or geographic name as entry element | পশুপালন। |
| 650 ## - SUBJECT ADDED ENTRY--TOPICAL TERM | |
| Topical term or geographic name as entry element | Animal husbandry. |
| 650 ## - SUBJECT ADDED ENTRY--TOPICAL TERM | |
| Topical term or geographic name as entry element | উদ্ভিদ বিজ্ঞান। |
| 700 ## - ADDED ENTRY--PERSONAL NAME | |
| Personal name | গুহ, জীবেশ |
| 700 ## - ADDED ENTRY--PERSONAL NAME | |
| Personal name | চৌধুরী, সলিল কুমার |
| 942 ## - ADDED ENTRY ELEMENTS (KOHA) | |
| Source of classification or shelving scheme | Dewey Decimal Classification |
| Koha item type | Book |
| Withdrawn status | Lost status | Source of classification or shelving scheme | Damaged status | Not for loan | Home library | Branch Name | Shelving location | Date acquired | Total Checkouts | Full call number | Barcode | Date last seen | Price effective from | Koha item type |
|---|---|---|---|---|---|---|---|---|---|---|---|---|---|---|
| Dewey Decimal Classification | SAU Library | SAU Library | General Stacks | 14/06/1990 | ৫৮১ মিত্রউ | 14999 | 16/02/2015 | 16/02/2015 | Book | |||||
| Dewey Decimal Classification | SAU Library | SAU Library | General Stacks | 14/06/1990 | ৫৮১ মিত্রউ | 15011 | 16/02/2015 | 16/02/2015 | Book | |||||
| Dewey Decimal Classification | SAU Library | SAU Library | General Stacks | 14/06/1990 | ৫৮১ মিত্রউ | 15024 | 16/02/2015 | 16/02/2015 | Book |
